Quizzes
Events
Quiz Creation
Community
Videos
Private Events
Remove Ads
Sign In
Join for FREE
Feedback
Dark Mode
Quiz Categories
Sports
Geography
Music
Movies
Television
Just For Fun
Miscellaneous
History
Literature
Language
Science
Gaming
Entertainment
Religion
Holiday
For Kids
Quiz Lab
Recent
Popular Today
Quiz Kudos Today
Editor Picks
Curator Picks
Quizzes by...
Day
Popularity
Type
Ratings
Length
Year
Community
Subscriptions
Recent Discussions
Orange Saloon
Badges
Playlists
Quests
Create
Leaderboards
Showdown
Live 5
Trivia Bingo
Activity
Puzzle Library
Sporcle Events
Private Events
Virtual Trivia
Globe League
Become a Host
Pub Owners
SporcleCon
Opinionation
Our Games
Videos
Blog
Mobile Apps
Partnerships
Remove Ads and Go Orange
Feedback
Geography
Country
Landmarks
City
State
Population
World
Capital
Continent
Flags
Europe
Africa
Asia
South America
North America
Oceania
Border
Canada
United Kingdom
Topography
United States
Geography
Country
Landmarks
City
State
Population
World
Capital
Continent
Flags
Europe
Africa
Asia
South America
North America
Oceania
Border
Canada
United Kingdom
Topography
United States
Random Quiz
Search Sporcle
×
Quiz Lab
Quiz Lab
Geography
area
Type in answers that appear in a list
Type in answers that appear in a list
Classic
Best Score? Go Orange.
BC Dorms Stats
Can you name the BC Dorms?
By
mcullen
5m
29 Questions
21 Plays
21 Plays
21 Plays
Comments
Comments
Give Quiz Kudos
Give Quiz Kudos
-
- Ratings
hide this ad
Replay
Link that replays current quiz
Next Quiz
Link to next quiz in quiz playlist
You Got
0%
They Got
Avg Score
78%
Avg Friend Score
Upgrade to see
Score Distribution
Jump to the score distribution portion of the page
Score
0/29
Timer
05:00
0
Plays Today
Area
% Correct
Upper
Fitzpatrick
100%
Lower
Vanderslice
95.2%
Lower
Walsh
95.2%
Upper
Gonzaga
90.5%
Lower
90
90.5%
Newton
Keyes
85.7%
Upper
Cheverus
85.7%
Upper
Loyola
85.7%
Upper
Xavier
85.7%
Lower
Edmond's
85.7%
Lower
The Mods
85.7%
Newton
Duchesne
81%
Upper
Claver
81%
Lower
Gabelli
81%
Lower
Voute
81%
Area
% Correct
Newton
Cushing
76.2%
Upper
Shaw
76.2%
Upper
Fenwick
76.2%
College Road
Welch
76.2%
Lower
Ignacio
76.2%
Newton
Hardey
71.4%
Upper
Medeiros
71.4%
College Road
Williams
71.4%
College Road
Roncalli
71.4%
Lower
66
71.4%
Lower
Rubenstein
71.4%
Upper
Kostka
66.7%
Lower
110
52.4%
Lower
Greycliff
28.6%
Quiz Playlist
Details
Report
Send in Message
Add To Playlist
Classic:
Type in answers that appear in a list
Last Updated: Feb 16, 2017
Quiz Scoreboard
CHALLENGE
Sign Up to Join the Scoreboard
Show All
Scores
Hide
Comments
May contain spoilers
Recently Published
Presidents Visiting Landmarks
by Hejman
History
7m
An Introduction to Baseball
by treessimontrees
Sports
5m
Movies - When Are They Set?
by FPL_Elf
Movies
5m
More to Explore
Quiz From the Vault
Featured Blog Post
Where Did the Easter Bunny Come From?
hide this ad
You Might Also Like...
Tags
area
dorm
Today's Top Quizzes in Geography
Browse Geography
hide this ad
Today's Top Quizzes in area
Browse area
Top Contributed Quizzes in Geography
1
Countries of the World - No Outlines Minefield
2
Top 25 Cities of France on a map
3
Any capital of a 'B' country per Continent
4
Closest Countries to UK A-Z
5
Any capital of a 'C' country per Continent
6
One Thing in Common: United Kingdom
7
Any capital of a 'D' country per Continent
8
Find the Provinces of Canada - No Outlines Minefield
9
5-to-1: US Geography No Hints
10
Any capital of an 'E' country per Continent
Explore More
Trending Topics
Harry Potter
NBA
Crossword
Disney
Anime
Marvel
Kpop
WWE
Country
Song
Puzzle
The Office
NFL
Soccer
Pokémon
hide this ad
More By:
mcullen
Quiz
Plays
Rating
Category
Featured
Created
Yankees Projected 2010 Starting Lineup
797
1.67
Sports
Mar 2, 2010
Red Sox Projected Starting Lineup 2010
456
1.33
Sports
Mar 2, 2010
Baltimore Orioles Starting Lineup
369
3.00
Sports
Mar 2, 2010
MLB Starting Pitchers 2010
351
2.50
Sports
Mar 2, 2010
New York Mets Starting Lineup 2010
305
3.00
Sports
Mar 2, 2010
Go to Creator's Profile
Score Distribution
Quiz Creator Spotlight
mcullen
Follow
Send a Message
Quizzes Created
-
Created Quiz Play Count
-
More By This Creator
Popular Quizzes Today
1
Find the US States - No Outlines Minefield
2
Find the Countries of Europe - No Outlines Minefield
3
The Countries of the World
4
Find the US States
5
Popular People in 1961
6
US States
7
Risky Map Clicking: Biggest States A-Z
8
1-10 Letter E Words III
More Geography Quizzes
Acrostic Nile River
Quiz Lab
Trending Quizzes
Risky Map Clicking: Least Populous States A-Z
1-10 Letter G Words
1-10 Letter F Words
Risky Map Clicking: Next State Alphabetically
Risky Map Clicking: Biggest States A-Z
Recently Updated
Leaping Animals
pecheneg
Reality TV Shows (A-Z)
bhenderson79
Rickey Henderson's Hall of Fame Teammates
pecheneg
Champions League XIs: Arsenal
pecheneg
Quick Pick: Celebrities in WWE's Hall of Fame
aduchscher
A-Z Keypad Blitz II
pecheneg
Multiple Oscar Actors
pecheneg
Mystery Phrase Blitz: Oscar 'Best Actors'
pecheneg
F. Scott Fitzgerald Novels
LTH
Pick 3 Villains
ddd62291
Trending Topics
Marvel
NBA
Crossword
Disney
Anime
Kpop
Harry Potter
The Office
Country
Pokémon
Puzzle
WWE
Soccer
Song
NFL
Your Account Isn't Verified!
In order to create a playlist on Sporcle, you need to verify the email address you used during registration. Go to your
Sporcle Settings
to finish the process.
Report this User
Report this user for behavior that violates our
Community Guidelines
.
Details:
Send Report
Go to the Sporcle.com Mobile Site →
Comments